The growth of luxury hotels in Budapest

Bibliographic Details
Main Author: Szenteleki Fanni
Other Authors: Kormány Balázs
Format: Thesis
Kulcsszavak:luxury
hotel
growth
Budapest
tourism
Online Access:http://dolgozattar.uni-bge.hu/10096

MARC

LEADER 00000nta a2200000 i 4500
001 dolg10096
005 20180301155820.0
008 170502suuuu hu om 000 eng d
040 |a BGE Dolgozattár Repozitórium  |b hun 
041 |a en 
100 1 |a Szenteleki Fanni 
245 1 4 |a The growth of luxury hotels in Budapest  |c Szenteleki Fanni  |h [elektronikus dokumentum] 
246 1 1 |a A budapesti luxusszállodák fejlődése 
246 1 1 |a The growth of the luxury hotels in Budapest 
695 |a luxury 
695 |a hotel 
695 |a growth 
695 |a Budapest 
695 |a tourism 
700 1 |a Kormány Balázs  |e ths 
856 4 0 |u http://dolgozattar.uni-bge.hu/10096/1/DISSERTATION-Szenteleki-Fanni.pdf  |z Dokumentum-elérés